|
|
|
|
| LEADER |
00000cam a2200000 7i4500 |
| 001 |
0000003498 |
| 005 |
20060405.0 |
| 020 |
0 |
0 |
|a 9833246168
|
| 090 |
0 |
0 |
|a 158.1
|b ALL
|
| 100 |
1 |
0 |
|a Allenbaugh, Eric
|
| 245 |
1 |
0 |
|a Success is not an accident :
|b realize your vision with purpose, passion & performance
|c Eric Allenbaugh
|
| 260 |
0 |
0 |
|a Petaling Jaya : :
|b Advantage Quest Publications ,
|c 2005
|
| 300 |
|
|
|a 288p. :
|b ill. ;
|c 23cm.
|
| 650 |
0 |
0 |
|a Motivation (Psychology)
|
| 650 |
0 |
0 |
|a Success
|
| 650 |
0 |
0 |
|a Success in business
|
| 999 |
|
|
|a 0000006852
|b Monograph
|c Open Shelf
|e Default branch
|